vincitori grandi slam dal 2000 ad oggi - Statistics

Statistiche generali
  • Questo quiz è stato fatto 70 volte
  • Il punteggio medio è 75 su 77
Statistiche sulle risposte
slam anno vincitore NAZIONALE % Corretto
AUSTRALIA OPEN 2008 DJOKOVIC SERBIA
100%
AUSTRALIA OPEN 2011 DJOKOVIC SERBIA
100%
WIMBLEDON 2011 DJOKOVIC SERBIA
100%
US OPEN 2011 DJOKOVIC SERBIA
100%
AUSTRALIA OPEN 2012 DJOKOVIC SERBIA
100%
AUSTRALIA OPEN 2013 DJOKOVIC SERBIA
100%
WIMBLEDON 2014 DJOKOVIC SERBIA
100%
AUSTRALIA OPEN 2015 DJOKOVIC SERBIA
100%
WIMBLEDON 2015 DJOKOVIC SERBIA
100%
US OPEN 2015 DJOKOVIC SERBIA
100%
AUSTRALIA OPEN 2016 DJOKOVIC SERBIA
100%
ROLAND GARROS 2016 DJOKOVIC SERBIA
100%
WIMBLEDON 2018 DJOKOVIC SERBIA
100%
US OPEN 2018 DJOKOVIC SERBIA
100%
AUSTRALIA OPEN 2019 DJOKOVIC SERBIA
100%
WIMBLEDON 2019 DJOKOVIC SERBIA
100%
AUSTRALIA OPEN 2020 DJOKOVIC SERBIA
100%
AUSTRALIA OPEN 2021 DJOKOVIC SERBIA
100%
ROLAND GARROS 2021 DJOKOVIC SERBIA
100%
WIMBLEDON 2021 DJOKOVIC SERBIA
100%
WIMBLEDON 2022 DJOKOVIC SERBIA
100%
AUSTRALIA OPEN 2023 DJOKOVIC SERBIA
100%
ROLAND GARROS 2023 DJOKOVIC SERBIA
100%
US OPEN 2023 DJOKOVIC SERBIA
100%
WIMBLEDON 2005 FEDERER SVIZZERA
100%
US OPEN 2005 FEDERER SVIZZERA
100%
AUSTRALIA OPEN 2006 FEDERER SVIZZERA
100%
WIMBLEDON 2006 FEDERER SVIZZERA
100%
US OPEN 2006 FEDERER SVIZZERA
100%
AUSTRALIA OPEN 2007 FEDERER SVIZZERA
100%
WIMBLEDON 2007 FEDERER SVIZZERA
100%
US OPEN 2007 FEDERER SVIZZERA
100%
US OPEN 2008 FEDERER SVIZZERA
100%
ROLAND GARROS 2009 FEDERER SVIZZERA
100%
WIMBLEDON 2009 FEDERER SVIZZERA
100%
AUSTRALIA OPEN 2010 FEDERER SVIZZERA
100%
WIMBLEDON 2012 FEDERER SVIZZERA
100%
AUSTRALIA OPEN 2017 FEDERER SVIZZERA
100%
WIMBLEDON 2017 FEDERER SVIZZERA
100%
AUSTRALIA OPEN 2018 FEDERER SVIZZERA
100%
ROLAND GARROS 2005 NADAL SPAGNA
100%
ROLAND GARROS 2006 NADAL SPAGNA
100%
ROLAND GARROS 2007 NADAL SPAGNA
100%
ROLAND GARROS 2008 NADAL SPAGNA
100%
WIMBLEDON 2008 NADAL SPAGNA
100%
AUSTRALIA OPEN 2009 NADAL SPAGNA
100%
ROLAND GARROS 2010 NADAL SPAGNA
100%
WIMBLEDON 2010 NADAL SPAGNA
100%
US OPEN 2010 NADAL SPAGNA
100%
ROLAND GARROS 2011 NADAL SPAGNA
100%
ROLAND GARROS 2012 NADAL SPAGNA
100%
ROLAND GARROS 2013 NADAL SPAGNA
100%
US OPEN 2013 NADAL SPAGNA
100%
ROLAND GARROS 2014 NADAL SPAGNA
100%
ROLAND GARROS 2017 NADAL SPAGNA
100%
US OPEN 2017 NADAL SPAGNA
100%
ROLAND GARROS 2018 NADAL SPAGNA
100%
ROLAND GARROS 2019 NADAL SPAGNA
100%
US OPEN 2019 NADAL SPAGNA
100%
ROLAND GARROS 2020 NADAL SPAGNA
100%
AUSTRALIA OPEN 2022 NADAL SPAGNA
100%
ROLAND GARROS 2022 NADAL SPAGNA
100%
WIMBLEDON 2020 NESSUNO NESSUNO
100%
AUSTRALIA OPEN 2024 SINNER ITALIA
98%
US OPEN 2022 ALCARAZ SPAGNA
95%
WIMBLEDON 2023 ALCARAZ SPAGNA
95%
US OPEN 2021 MEDVEDEV RUSSIA
92%
US OPEN 2012 MURRAY REGNO UNITO
92%
WIMBLEDON 2013 MURRAY REGNO UNITO
92%
WIMBLEDON 2016 MURRAY REGNO UNITO
92%
AUSTRALIA OPEN 2014 WAWRINKA SVIZZERA
80%
ROLAND GARROS 2015 WAWRINKA SVIZZERA
80%
US OPEN 2016 WAWRINKA SVIZZERA
80%
US OPEN 2009 DEL POTRO ARGENTINA
77%
US OPEN 2020 THIEM AUSTRIA
73%
US OPEN 2014 CILIC CROAZIA
63%
AUSTRALIA OPEN 2005 SAFIN RUSSIA
47%
Nessun quiz corrispondente trovato
Distribuzione punteggi
Percentuale di utenti per punteggio
Percentile per numero di risposta
I tuoi punteggi nel tempo
Non hai fatto questo quiz